Statistics for Countries Within 100 Smallest Countries But With At Least 4 Borders

Click here to take the quiz!

General Stats

  • This quiz has been taken 118 times
  • The average score is 18 of 23

Answer Stats

BordersAnswer% Correct
5Slovakia
92%
4Slovenia
90%
4Czech Republic
90%
8Serbia
90%
7Hungary
89%
5Switzerland
87%
8Austria
87%
5Croatia
86%
5Macedonia
83%
4Kosovo
80%
4Lithuania
79%
4Rwanda
78%
5Montenegro
78%
4Albania
76%
4Armenia
75%
5Israel
73%
4Georgia
72%
4Latvia
70%
5Azerbaijan
68%
5Bulgaria
66%
5Jordan
66%
4Belgium
64%
4Guatemala
44%

Score Distribution

Percentile by Number Answered

Percent of People with Each Score

Your Score History

You have not taken this quiz